000 00569nam a2200193Ia 4500
008 140429s9999 xx 000 0 und d
020 _a9780240814254
050 _aT385
_b.C244 2010
100 _aCaplin, Steve
245 _a100 % photoshop :
_bcreate stunning artwork without using any photographs /
_cSteve Caplin.
260 _aMassachusetts :
_bFocal Press,
_cc2010.
300 _a250 p. :
_bcol. ill. ;
_c25 cm.
500 _aIncludes index.
521 _aMA
650 _aAdobe Photoshop.
650 _aDigital art.
942 _kFOR
_cBK
999 _c115637
_d115637